Name That Fruit! Quiz Stats

 Plays Quiz Updated Dec 31, 2015

Score 0/42 Timer 05:00
60 Plays Today
% Correct
Grape
97.1%
Lemon
96.3%
Bell pepper
96.3%
Tomato
95.9%
Coconut
95.6%
Kiwifruit
95.6%
Orange
95.5%
Watermelon
94.6%
Pineapple
94.1%
Pear
93.6%
Banana
93.5%
Apple
93.3%
Blueberry
93.1%
Lime
93%
Strawberry
92.8%
Pumpkin
90.2%
Eggplant
88.1%
Cucumber
86.5%
Grapefruit
86.3%
Cherry
85.2%
Peach
85.1%
% Correct
Raspberry
85%
Carambola (starfruit)
83.2%
Plum
81.8%
Avocado
80.7%
Walnut
76.8%
Chili pepper
75.9%
Mango
74.7%
Zucchini
72.6%
Honeydew melon
66%
Pomegranate
63.8%
Cantaloupe
61.7%
Papaya
54.9%
Pitaya (dragon fruit)
47.5%
Blood orange
46.4%
Hazelnut
46.3%
Chestnut
44.1%
Passion fruit
37.3%
Lychee
34.7%
Guava
34.6%
Persimmon
25.1%
Kiwano (horned melon)
5.9%

You're not logged in!

Compare scores with friends on all Sporcle quizzes.
OR
Log In

Show Comments

Extras

Top Quizzes Today


Score Distribution

Your Account Isn't Verified!

In order to create a playlist on Sporcle, you need to verify the email address you used during registration. Go to your Sporcle Settings to finish the process.

Report this User

Report this user for behavior that violates our Community Guidelines.

Details: